[Event "Rennes op 1st"]
[Site "Rennes"]
[Date "2008.07.28"]
[Round "1"]
[White "Aloe, Kevin"]
[Black "Glory, Alain"]
[Result "1-0"]
[WhiteElo "1660"]
[BlackElo "1460"]
[PlyCount "131"]
[EventDate "2008.07.28"]
[EventType "swiss"]
[EventRounds "9"]
[EventCountry "FRA"]
[SourceTitle "EXT 2009"]
[Source "ChessBase"]
[SourceDate "2008.11.26"]
[SourceVersion "1"]
[SourceVersionDate "2008.11.26"]
[SourceQuality "1"]

1. e4 c5 2. b4 d6 3. b5 Nf6 4. Nc3 g6 5. Bb2 Bg7 6. d3 0-0 7. Qd2 a6 8. bxa6 Nxa6 9. Nd1 Nb8 10. Be2 Nc6 11. Nf3 Be6 12. a3 b5 13. 0-0 Qc7 14. c3 Na5 15. Qc2 Bb3 16. Qb1 Ba4 17. Nd2 Rfb8 18. Ne3 Bh6 19. Bd1 Bxd1 20. Qxd1 Bg7 21. Qe2 Nd7 22. Rfb1 Nf8 23. c4 Bxb2 24. Rxb2 bxc4 25. Rxb8 Rxb8 26. Nexc4 Nxc4 27. Nxc4 Ne6 28. Ne3 Nd4 29. Qd1 e6 30. Nc2 Nc6 31. h3 Rb2 32. a4 Qa5 33. Na3 Rd2 34. Qb3 Qb4 35. Qxb4 Nxb4 36. Nb5 Kf8 37. a5 Na6 38. Ra3 Ke7 39. g3 Rb2 40. Nc3 Kd7 41. Kg2 Kc6 42. Kf3 Rb7 43. Ne2 Kb5 44. d4 c4 45. Ra1 Ra7 46. d5 exd5 47. Nc3+ Kc5 48. Nxd5 Nb4 49. Nxb4 Kxb4 50. a6 c3 51. Ke2 c2 52. Kd2 Kb3 53. Kc1 Kc3 54. Ra3+ Kb4 55. Ra2 Kb3 56. Rb2+ Ka3 57. Rb6 Ka4 58. Rxd6 Kb5 59. Kxc2 Rxa6 60. Rxa6 Kxa6 61. Kc3 Kb5 62. Kd4 Kb4 63. Ke5 Kc4 64. Kf6 Kd4 65. f3 Ke3 66. Kxf7 1-0

[Event "Ile et Vilaine-chA 0001"]
[Site "Ile et Vilaine"]
[Date "2001.01.27"]
[Round "5"]
[White "Glory, Alain"]
[Black "Andre, Francois Regis"]
[Result "1-0"]
[WhiteElo "1499"]
[BlackElo "1270"]
[PlyCount "85"]
[EventDate "2000.10.21"]
[EventType "swiss"]
[EventRounds "7"]
[EventCountry "FRA"]
[SourceTitle "EXT 2007"]
[Source "ChessBase"]
[SourceDate "2006.11.23"]
[SourceVersion "1"]
[SourceVersionDate "2006.11.23"]
[SourceQuality "1"]

1. e4 e5 2. Nf3 Nc6 3. Nc3 Bc5 4. Bc4 Nf6 5. d3 h6 6. b3 d6 7. 0-0 Bg4 8. h3 Bh5 9. Be3 Nd4 10. Bxd4 Bxd4 11. Qd2 Qd7 12. Nxd4 exd4 13. Ne2 b5 14. Nf4 bxc4 15. Nxh5 Nxh5 16. dxc4 0-0 17. Qxd4 Nf6 18. Rad1 Rfe8 19. Rfe1 Rad8 20. f3 c6 21. b4 d5 22. Qc5 Qc7 23. cxd5 Qb6 24. Qxb6 axb6 25. dxc6 Rxd1 26. Rxd1 Rc8 27. b5 Ne8 28. a4 Ra8 29. Rd7 Rxa4 30. Rd8 Kf8 31. c7 Rc4 32. c8Q Rxc8 33. Rxc8 Ke7 34. Rc6 Kd7 35. Rxb6 Nd6 36. e5 Kc7 37. Rxd6 f6 38. b6+ Kb7 39. e6 g5 40. e7 f5 41. e8Q g4 42. Qe7+ Ka6 43. Qe5 1-0

[Event "Ile et Vilaine-chA 0001"]
[Site "Ile et Vilaine"]
[Date "2000.12.02"]
[Round "3"]
[White "Le Senechal, Maurice"]
[Black "Glory, Alain"]
[Result "1-0"]
[WhiteElo "1520"]
[BlackElo "1499"]
[PlyCount "95"]
[EventDate "2000.10.21"]
[EventType "swiss"]
[EventRounds "7"]
[EventCountry "FRA"]
[SourceTitle "EXT 2007"]
[Source "ChessBase"]
[SourceDate "2006.11.23"]
[SourceVersion "1"]
[SourceVersionDate "2006.11.23"]
[SourceQuality "1"]

1. e4 c6 2. d4 d5 3. exd5 cxd5 4. c4 Nf6 5. c5 Nc6 6. Nf3 Bg4 7. Be2 Bxf3 8. Bxf3 e6 9. 0-0 Be7 10. a3 Nd7 11. b4 b5 12. Nc3 a6 13. Ne2 a5 14. Rb1 axb4 15. axb4 Ndb8 16. Qd3 Qd7 17. Qxb5 Bf6 18. Rd1 e5 19. dxe5 Nxe5 20. Qxd7+ Nbxd7 21. Bxd5 Rc8 22. Nd4 g6 23. c6 Nb6 24. Be4 0-0 25. f4 Nec4 26. f5 g5 27. Nf3 Rc7 28. Bxg5 Kg7 29. Bxf6+ Kxf6 30. g4 h6 31. b5 Re8 32. Bd5 Na3 33. Ra1 Nxb5 34. Rd3 Rd8 35. Be4 Rxd3 36. Bxd3 Rxc6 37. Bxb5 Rc3 38. Kg2 Nd5 39. Ra6+ Ke7 40. Rxh6 Rc2+ 41. Kg3 f6 42. h4 Kf7 43. h5 Rb2 44. Bc4 Kg7 45. Rg6+ Kh7 46. Bxd5 Rb6 47. Ng5+ Kh8 48. Rg8# 1-0

[Event "Ile et Vilaine-chA 0001"]
[Site "Ile et Vilaine"]
[Date "2000.10.21"]
[Round "1"]
[White "Salmon, Andre"]
[Black "Glory, Alain"]
[Result "1-0"]
[WhiteElo "1330"]
[BlackElo "1499"]
[PlyCount "81"]
[EventDate "2000.10.21"]
[EventType "swiss"]
[EventRounds "7"]
[EventCountry "FRA"]
[SourceTitle "EXT 2007"]
[Source "ChessBase"]
[SourceDate "2006.11.23"]
[SourceVersion "1"]
[SourceVersionDate "2006.11.23"]
[SourceQuality "1"]

1. a3 e5 2. e4 Nf6 3. Nc3 d5 4. Bd3 Nc6 5. Nxd5 Nxd5 6. exd5 Qxd5 7. Qf3 Be6 8. Be4 Nd4 9. Bxd5 Nxf3+ 10. Bxf3 c6 11. d3 Rd8 12. Be3 a6 13. Ne2 Be7 14. Nc3 0-0 15. Ne4 Bd5 16. h4 Rc8 17. h5 f5 18. Nd2 Bxf3 19. Nxf3 f4 20. Bd2 Bf6 21. 0-0-0 b5 22. Rde1 Rce8 23. h6 g6 24. Nh2 g5 25. Ng4 Bh8 26. Bc3 a5 27. d4 Rf5 28. dxe5 b4 29. axb4 axb4 30. Bxb4 Ra8 31. Kb1 Ra4 32. Bc3 Rf8 33. b3 Rb8 34. Nf6+ Kf7 35. Nxh7 Kg6 36. Nf8+ Kf7 37. Nd7 Rb5 38. e6+ Ke7 39. Bxh8 c5 40. Bf6+ Ke8 41. e7 1-0